| 000 | 00381pab a2200157 454500 | ||
|---|---|---|---|
| 008 | 180718b1996 xxu||||| |||| 00| 0 eng d | ||
| 100 | _aFoster, Devek | ||
| 245 | _aLabour and public service reform | ||
| 260 | _c1996 | ||
| 300 | _ap.256-61 | ||
| 362 | _aApr | ||
| 650 | _aLabour - Great Britain | ||
| 650 | _aCivil service | ||
| 773 | _aParliamentary Affairs | ||
| 909 | _a31089 | ||
| 999 |
_c31089 _d31089 |
||